Statystyki dla Urugwaj czy Paragwaj?

Kliknij tutaj aby rozwiązać quiz!

Ogólne statystyki

  • Ten quiz został rozwiązany 634 razy
  • Średni wynik to 7 z 10

Statystyki odpowiedzi

ZagadnienieOdpowiedź% Poprawnych
Który kraj ma dostęp do morza lub oceanu? Urugwaj czy Paragwaj?Urugwaj!
82%
Stolicą którego kraju jest Montevideo? Urugwaju czy Paragwaju?Urugwaju!
80%
Który kraj na igrzyskach olimpijskich zdobył dotąd (lipiec 2019) 10 medali, 2 złote, 2 srebrne i 6 brązowych? Urugwaj czy Paragwaj?Urugwaj!
79%
Który kraj ma większą powierzchnię? Urugwaj czy Paragwaj?Paragwaj!
78%
Który kraj ma dłuższą granicę z Brazylią? Urugwaj czy Paragwaj?Paragwaj!
73%
Który kraj sąsiaduje z trzema krajami? Urugwaj czy Paragwaj?Paragwaj!
71%
Którego kraju gęstość zaludnienia jest większa? Urugwaju czy Paragwaju?Urugwaju!
70%
Którego kraju liczba ludności jest większa? Urugwaju czy Paragwaju?Paragwaju!
55%
Walutą którego kraju jest guarani? Urugwaju czy Paragwaju?Paragwaju!
54%
Który kraj jest dłużej niepodległy? Urugwaj czy Paragwaj?Paragwaj!
44%

Rozkład punktacji

Percentyl według liczby udzielonych odpowiedzi

Procent ludzi z każdym wynikiem

Twoja historia wyników

Nie rozwiązałeś tego quizu